| 000 | 01314 a2200181 4500 | ||
|---|---|---|---|
| 003 | Nust | ||
| 005 | 20230714115528.0 | ||
| 020 | _a8123911394 | ||
| 040 | _cNust | ||
| 082 | _a562,MOO | ||
| 100 |
_aMoore.C,Raymond _92436 |
||
| 245 |
_aInvertebrate Fossils / _cRaymond C .Moore, Cecile G. Lalicker, Alfred G. Fischer |
||
| 260 |
_aNew Delhi, _bCBS, _c1997. |
||
| 300 | _a766 | ||
| 505 | _a.The nature of fossils (Page-1), Foraminifera and Radiolaria (Page-39), Sponges and sponge like fossils (Moore) (Page 79), Coelenterates (Moore) (Page-99), Bryozoans (Moore) (Page-156), Brachiopods (Moore) (Page-199), Mollusks (Moore) (Page-269), Gastropods (Moore) (Page-277), Cephalopods (fisher) (Page-336), Pelecypods (Moore) (Page-400), Annelids and other worms (Lalicker) (Moore) (Page-452), Arthropods (Moore) (Page-464), Trilobites (Moore) (Page-478), Ostracods and other crustaceans (Lalicker) (Moore) (Page-521), Chelicerates, myriapods and insects (Moore) (Page-552), Echinoderms (Moore) (Page-577), Primive attached echinoderms (Moore) (Page-582), Crinoids (Moore) (Page-604), Holothuroids (Fischer) (Page-653), Starfishes (Page-659), Echinoids Fischer (Page-675), Graptolites and pterobranchs Fischer (Page-715), Conodonts (Page-738). | ||
| 650 |
_aInvertebrate Fossils _92437 |
||
| 942 |
_2ddc _cBK _k562,MOO |
||
| 999 |
_c177010 _d177010 |
||